MLB Stadiums in 1980 - Statistics

General Stats
  • This quiz has been taken 966 times
  • The average score is 14 of 26
Answer Stats
Team Stadium Name % Correct
Chicago Cubs Wrigley Field
91%
Boston Red Sox Fenway Park
89%
New York Yankees Yankee Stadium
89%
Los Angeles Dodgers Dodger Stadium
87%
Houston Astros Houston Astrodome
79%
New York Mets William A. Shea Municipal Stadium
76%
San Francisco Giants Candlestick Park
75%
St. Louis Cardinals Busch Memorial Stadium
71%
Detroit Tigers Tiger Stadium
64%
Seattle Mariners Seattle Kingdome
63%
Pittsburgh Pirates Three Rivers Stadium
62%
Minnesota Twins Metropolitan Stadium
61%
Chicago White Sox Comiskey Park
57%
Oakland Athletics Oakland-Alameda County Coliseum
49%
Montreal Expos Olympic Stadium
47%
Philadelphia Phillies Philadelphia Veterans Stadium
47%
Atlanta Braves Atlanta-Fulton County Stadium
44%
Cleveland Indians Cleveland Stadium
42%
Cincinnati Reds Riverfront Stadium
40%
San Diego Padres Jack Murphy Stadium
32%
Kansas City Royals Royals Stadium
30%
California Angels Anaheim Stadium
29%
Texas Rangers Arlington Stadium
29%
Baltimore Orioles Memorial Stadium
27%
Milwaukee Brewers Milwaukee County Stadium
23%
Toronto Blue Jays Canadian National Exhibition Stadium
16%
No matching quizzes found
Score Distribution
Percent of People with Each Score
Percentile by Number Answered
Your Score History
You have not taken this quiz